| 000 | 00458cam a22001577a 4500 | ||
|---|---|---|---|
| 008 | 180718b1931 xxu||||| |||| 00| 0 eng d | ||
| 082 | _aA6x415 C887 | ||
| 100 | _aCrozier, F.P. | ||
| 245 |
_aA Word to Gandhi: the lesson of Ireland _cby F.P. Crozier |
||
| 260 |
_aLondon _bWilliam and Norgate _c1931 |
||
| 300 | _a142p. | ||
| 500 | _aRs.5.00 | ||
| 650 | _aIndia - Politics | ||
| 650 | _aREvolution - Irish Free State | ||
| 650 | _aIrish Free State - History | ||
| 999 |
_c363342 _d363342 |
||